Látogatás Szent-Györgyinél
A volt kommunista politikus, Kállai Gyula memoár kötetének Szent-Györgyi Albertre vonatkozó része.
Elmentve itt :
| Szerző: | |
|---|---|
| Dokumentumtípus: | Cikk |
| Megjelent: |
Kossuth Kiadó
1980
|
| Sorozat: | Életem törvénye: [Visszaemlékezések]
|
| Online Access: | http://misc.bibl.u-szeged.hu/74226 |
| LEADER | 00748nab a2200193 i 4500 | ||
|---|---|---|---|
| 001 | misc74226 | ||
| 005 | 20231030153645.0 | ||
| 008 | 231030s1980 hu o 000 hun d | ||
| 020 | |a 963 09 1771 8 | ||
| 040 | |a SZTE Miscellanea Repozitórium |b hun | ||
| 041 | |a hun | ||
| 100 | 1 | |a Kállai Gyula | |
| 245 | 1 | 0 | |a Látogatás Szent-Györgyinél |h [elektronikus dokumentum] / |c Kállai Gyula |
| 260 | |a Kossuth Kiadó |c 1980 | ||
| 300 | |a 481-485 | ||
| 490 | 0 | |a Életem törvénye: [Visszaemlékezések] | |
| 520 | 3 | |a A volt kommunista politikus, Kállai Gyula memoár kötetének Szent-Györgyi Albertre vonatkozó része. | |
| 561 | |a Szent-Györgyi Albertről szóló irodalom | ||
| 856 | 4 | 0 | |u http://misc.bibl.u-szeged.hu/74226/1/szgya_1980_001.pdf |z Dokumentum-elérés |